000 01020nas a2200313 4500
001 BR8303537
003 BR-BrBNA
005 20231205085604.0
007 ta
008 230509b bl.|||p| |||| 00| 00por d
040 _aBR-BrBNA
_bpor
_cBiblioteca Nacional de Agricultura
041 _a(Pt)
072 _aF24
100 1 _aOgawa, H.Y.
100 1 _aNoffs, M. da S.
100 1 _aNegreiros, O.C. de
100 1 _aMoraes, A.L. de
111 1 _a4. Congresso Florestal Brasileiro
_cBelo Horizonte, MG (Brazil)
_d10-15 May 1982
245 1 _aEmprego do sistema cartografico para zoneamento do uso do solo [Serra de Paranapiacaba, Sao Paulo, Brasil]
650 _aZONEAMENTO FLORESTAL
650 _aRECONHECIMENTO DO SOLO
650 _aSOLO
650 _aRESERVA FLORESTAL
650 _aSERRA DE PARANAPIACABA
650 _aSAO PAULO
773 0 _tSilvicultura (Brazil)
_xISSN 0100-3615
_g(Jan-Feb 1983), v. 8(28) p. 103-105
_wBR8303537
909 _a202311
_bLúcia
_c55
_dLúcia Elande
942 _2AGRIS
_n0
_cANA
999 _c112409
_d112409